[Event "GER-chT Christmas U16 Steinitz"]
[Site "Playchess.com INT"]
[Date "2020.12.28"]
[Round "2.3"]
[White "Mochtak, Maximilian"]
[Black "Wieser, Rouven"]
[Result "0-1"]
[WhiteElo "1007"]
[BlackElo "1238"]
[PlyCount "54"]
[EventDate "2020.12.28"]
[EventType "team-swiss (blitz)"]
[EventRounds "7"]
[EventCountry "GER"]
[SourceTitle "CBM 200 Extra"]
[Source "ChessBase"]
[SourceDate "2021.03.31"]
[SourceVersion "1"]
[SourceVersionDate "2021.03.31"]
[SourceQuality "1"]
[WhiteTeam "Rostock Makkabi III"]
[BlackTeam "Kuppenheim"]
[WhiteTeamCountry "GER"]
[BlackTeamCountry "GER"]

1. d4 d5 2. c4 c6 3. Nc3 Nf6 4. Nf3 Bg4 5. Bf4 Nbd7 6. h3 Bxf3 7. exf3 Nb6 8. Bd3 dxc4 9. Be2 Nfd5 10. Nxd5 Nxd5 11. Bd2 e6 12. Bxc4 Be7 13. 0-0 Qc7 14. g3 0-0-0 15. Qe1 Kb8 16. Ba5 b6 17. Bd2 f5 18. Bxd5 exd5 19. Bf4 Bd6 20. Bg5 Rde8 21. Qb1 f4 22. Bxf4 Bxf4 23. gxf4 Qxf4 24. Qc2 Re6 25. Rae1 Rg6+ 26. Kh1 Qxf3+ 27. Kh2 Qg2# 0-1

[Event "Mecklenburg VP-ch U12"]
[Site "Malchow"]
[Date "2019.02.06"]
[Round "6.9"]
[White "Kotanjyan, Davit"]
[Black "Mochtak, Maximilian"]
[Result "1-0"]
[WhiteElo "911"]
[BlackElo "957"]
[PlyCount "32"]
[EventDate "2019.02.02"]
[EventType "swiss"]
[EventRounds "7"]
[EventCountry "GER"]
[SourceTitle "EXT 2022"]
[Source "ChessBase"]
[SourceDate "2021.10.06"]
[SourceVersion "1"]
[SourceVersionDate "2021.10.06"]
[SourceQuality "1"]

1. e4 c5 2. Nf3 e6 3. Bc4 a6 4. c3 Nc6 5. d4 Nf6 6. 0-0 Nxe4 7. dxc5 Bxc5 8. Be3 Bxe3 9. fxe3 d5 10. Bb3 Nc5 11. Nbd2 0-0 12. a4 f6 13. Bc2 e5 14. a5 Nxa5 15. b4 b6 16. bxa5 bxa5 1-0

[Event "Mecklenburg VP-ch U12"]
[Site "Malchow"]
[Date "2019.02.06"]
[Round "7.10"]
[White "Mochtak, Maximilian"]
[Black "Ivanov, Alexander4444"]
[Result "0-1"]
[WhiteElo "957"]
[BlackElo "1292"]
[PlyCount "72"]
[EventDate "2019.02.02"]
[EventType "swiss"]
[EventRounds "7"]
[EventCountry "GER"]
[SourceTitle "EXT 2022"]
[Source "ChessBase"]
[SourceDate "2021.10.06"]
[SourceVersion "1"]
[SourceVersionDate "2021.10.06"]
[SourceQuality "1"]

1. d4 f5 2. c4 Nf6 3. Nf3 e6 4. Bf4 Be7 5. Nc3 0-0 6. e3 a6 7. Bd3 c6 8. 0-0 b5 9. c5 d6 10. b4 Qc7 11. e4 fxe4 12. Bxe4 Nxe4 13. Nxe4 Rxf4 14. Nfg5 h6 15. Qc1 hxg5 16. Qb1 d5 17. Ng3 e5 18. dxe5 Qxe5 19. Re1 Qc7 20. Nh5 Rh4 21. Ng3 Bg4 22. Re3 a5 23. a3 Na6 24. Qe1 Re8 25. bxa5 Nxc5 26. h3 Bxh3 27. gxh3 Rxh3 28. Qc3 Rf8 29. Ra2 Ne4 30. Qd3 Nxg3 31. fxg3 Bc5 32. Kg2 Bxe3 33. Kxh3 Rf3 34. Rg2 Qd7+ 35. Kh2 Qg4 36. Qd1 Qh5# 0-1